000 01911cam a22003135a 4500
001 L160258
008 190612s2019 xxk f 000 0 eng d
020 _a9781783213580
035 _a(Sirsi) u160258
041 0 _aeng
100 1 _aFourt, Robert
110 _94900
_aRoyal Institution of Chartered Surveyors
245 0 0 _aFinancial viability in planning
_bConduct and reporting
_h[electronic resource]
250 _a1st ed
260 _aLondon
_bRICS
_c2019
300 _a62p.
490 _aRICS Professional Standard
490 _aRICS Professional Statement
520 _aSets out mandatory requirements that inform the practitioner on what must be included within financial viability assessments and how the process must be conducted. This is to demonstrate how a reasonable, objective and impartial outcome, without interference, should be arrived at, and so support the statutory planning decision process. It also aims to support and complement the government's reforms to the planning process announced in July 2018 and subsequent updates, which include an overhaul of the National Planning Policy Framework (NPPF) and Planning Practice Guidance (PPG) on viability and related matters.
520 _aReplaces Financial viability appraisal in planning decisions: Theory and practice 2015
520 _aEffective date 1 September 2019. This document was originally published in May 2019 as an RICS professional statement and reissued in April 2023 as an RICS professional standard
590 _aNTK
650 2 4 _aFINANCIAL VIABILITY
651 4 _aENGLAND AND WALES
690 _aPlanning and development
_96259
710 _94900
_aRoyal Institution of Chartered Surveyors
856 4 0 _uhttps://www.rics.org/profession-standards/rics-standards-and-guidance/sector-standards/land-standards/financial-viability-in-planning-conduct-and-reporting
_zView on RICS.org
942 _n0
_2ddc
999 _c116301
_d116301